Library Banner

India (Record no. 64708)

MARC details
000 -LEADER
fixed length control field 00451nam a22001577a 4500
005 - DATE AND TIME OF LATEST TRANSACTION
control field 20150119144441.0
008 - FIXED-LENGTH DATA ELEMENTS--GENERAL INFORMATION
fixed length control field 150112b xxu||||| |||| 00| 0 eng d
020 ## - INTERNATIONAL STANDARD BOOK NUMBER
International Standard Book Number 13456863X
040 ## - CATALOGING SOURCE
Transcribing agency PK-LaUMT
082 ## - DEWEY DECIMAL CLASSIFICATION NUMBER
Classification number KHC 309.154
Item number COH-I
100 ## - MAIN ENTRY--PERSONAL NAME
Personal name Cohn, Bernard S.
245 ## - TITLE STATEMENT
Title India
Remainder of title the social anthropology of a civilization
Statement of responsibility, etc Bernard S. Cohn
260 ## - PUBLICATION, DISTRIBUTION, ETC. (IMPRINT)
Place of publication, distribution, etc New Jersey
Name of publisher, distributor, etc Prentice-Hall, Inc. Englewood Cliffs
Date of publication, distribution, etc 1971
300 ## - PHYSICAL DESCRIPTION
Extent 164 p.
942 ## - ADDED ENTRY ELEMENTS (KOHA)
Koha item type Books
Holdings
Withdrawn status Lost status Damaged status Home library Current library Date acquired Full call number Barcode Date last seen Koha item type
      UMT Main Campus UMT Main Campus 2015-01-12 KHC 309.154 COH-I 73554 2015-01-12 Books